000 00516nas a22001817a 4500
999 _c11834
_d11834
003 OSt
005 20230216122401.0
008 230216b ||||| |||| 00| 0 eng d
022 _2 0019-5588
040 _cNA
082 _a500
245 _a Indian Journal of Pure and Applied Mathematics
_cIndian National Science Academy
_hEnglish
260 _aNew Delhi
_bIndian National Science Academy
310 _aQuaterly
650 _aPhysics
856 _uhttps://www.springer.com/journal/13226
942 _2ddc
_cPED
_s1